| 000 | 00640nam a2200229 a 4500 | ||
|---|---|---|---|
| 005 | 20140311163009.0 | ||
| 008 | 050907s19uu xx 00 eng d | ||
| 020 | _a0-3230-3569-8 | ||
| 050 |
_aRM 300 _b.In8 2005 |
||
| 100 |
_aPage, Clive _931238 |
||
| 245 | _aIntegrated Pharmacology. | ||
| 250 | _a2nd | ||
| 260 |
_aEdinburgh : _bElseviere Mosby, _c2002. |
||
| 300 |
_a671 p. : _bcol. ill. ; _c28 cm. |
||
| 650 |
_aPharmacology. _97300 |
||
| 700 |
_aCurtis, Michael _931239 |
||
| 700 |
_aSutter, Morley _931240 |
||
| 700 |
_aWalker, Michael _931241 |
||
| 700 |
_aHoffman, Brian. _931242 |
||
| 942 |
_cBK _2lcc _kFOR |
||
| 999 |
_c39350 _d39350 |
||